[Event "Manizales Las Americas blitz op"]
[Site "Manizales"]
[Date "2021.10.23"]
[Round "5"]
[White "Bastidas Segovia, Samuel Eduardo"]
[Black "Ardila, Oscar Humberto"]
[Result "0-1"]
[WhiteElo "1895"]
[BlackElo "1715"]
[PlyCount "78"]
[EventDate "2021.10.23"]
[EventType "swiss (blitz)"]
[EventRounds "11"]
[EventCountry "COL"]
[SourceTitle "CBM 205 Extra"]
[Source "ChessBase"]
[SourceDate "2022.01.31"]
[SourceVersion "1"]
[SourceVersionDate "2022.01.31"]
[SourceQuality "1"]

1. d4 Nf6 2. e3 e6 3. Bd3 d6 4. c3 Be7 5. b3 Nbd7 6. Bb2 c5 7. Nd2 b6 8. Ngf3 Bb7 9. 0-0 0-0 10. Rc1 e5 11. dxe5 Nxe5 12. Be2 Qc7 13. c4 Rad8 14. Qc2 Qc6 15. Rfd1 Rfe8 16. Nb1 h6 17. Nc3 g5 18. Nd5 Nxd5 19. cxd5 Qc7 20. Nxe5 dxe5 21. e4 Bd6 22. Bg4 Kg7 23. Qe2 Bc8 24. Qf3 Bxg4 25. Qxg4 Qc8 26. Qg3 f5 27. f4 Kg6 28. fxg5 hxg5 29. h4 g4 30. exf5+ Qxf5 31. Rf1 Qh5 32. Qd3+ e4 33. Rf6+ Kh7 34. Qf1 Be5 35. Rf7+ Kg8 36. Rf5 Qxh4 37. Bxe5 Rxe5 38. Rxe5 g3 39. Qc4 Qh2+ 0-1

[Event "Centroamericano and Caribe U18"]
[Site "Merida"]
[Date "2018.05.03"]
[Round "9"]
[White "Salazar Olchowski, Gabriel Anton"]
[Black "Bastidas Segovia, Samuel Eduardo"]
[Result "1/2-1/2"]
[WhiteElo "1962"]
[BlackElo "1803"]
[PlyCount "72"]
[EventDate "2018.04.28"]
[EventType "swiss"]
[EventRounds "9"]
[EventCountry "VEN"]
[SourceTitle "EXT 2021"]
[Source "ChessBase"]
[SourceDate "2020.10.23"]
[SourceVersion "1"]
[SourceVersionDate "2020.10.23"]
[SourceQuality "1"]

1. e4 c5 2. Nf3 a6 3. c4 e6 4. d4 cxd4 5. Nxd4 Qc7 6. Nc3 Nc6 7. Be3 Nf6 8. a3 Be7 9. Be2 0-0 10. 0-0 d6 11. Rc1 Bd7 12. f3 Nxd4 13. Qxd4 Rac8 14. b4 Rfd8 15. Rfd1 Qb8 16. a4 Be8 17. Bg5 a5 18. Kh1 axb4 19. Nb5 Bxb5 20. cxb5 b3 21. Qb4 b2 22. Qxb2 Rxc1 23. Rxc1 h6 24. Bh4 Rc8 25. a5 Rxc1+ 26. Qxc1 Qa7 27. Qc3 Nxe4 28. b6 Qa8 29. fxe4 Bxh4 30. e5 d5 31. Qb4 Bf2 32. a6 bxa6 33. b7 Qb8 34. Bxa6 Ba7 35. Qc3 d4 36. Qc8+ Kh7 1/2-1/2

[Event "Centroamericano and Caribe U18"]
[Site "Merida"]
[Date "2018.04.30"]
[Round "5"]
[White "Bastidas Segovia, Samuel Eduardo"]
[Black "Barrera Mendoza, Emilio Antonio"]
[Result "1-0"]
[WhiteElo "1803"]
[BlackElo "1508"]
[PlyCount "101"]
[EventDate "2018.04.28"]
[EventType "swiss"]
[EventRounds "9"]
[EventCountry "VEN"]
[SourceTitle "EXT 2021"]
[Source "ChessBase"]
[SourceDate "2020.10.23"]
[SourceVersion "1"]
[SourceVersionDate "2020.10.23"]
[SourceQuality "1"]

1. e4 e5 2. Nf3 Nc6 3. d4 exd4 4. Bc4 Be7 5. c3 d3 6. Qxd3 d6 7. Bf4 Be6 8. Na3 Nf6 9. Rd1 Nh5 10. Be3 Bg4 11. Qd5 0-0 12. Be2 Nf6 13. Qb3 Qc8 14. Qc2 Bxf3 15. Bxf3 Ne5 16. Be2 Nfg4 17. Bd4 c5 18. Bxe5 dxe5 19. h3 Nf6 20. Nc4 Qe6 21. 0-0 b5 22. Ne3 c4 23. b3 cxb3 24. axb3 Qc6 25. Nd5 Nxd5 26. exd5 Qb6 27. c4 b4 28. Bf3 Bd6 29. Ra1 f5 30. Be2 e4 31. Kh1 Bc5 32. f3 Bd4 33. Ra4 exf3 34. Bxf3 Rae8 35. Rd1 Re3 36. Ra2 Rfe8 37. Qd2 Bc3 38. Qf2 Re1+ 39. Rxe1 Rxe1+ 40. Kh2 Be5+ 41. g3 Qxf2+ 42. Rxf2 Rb1 43. c5 Rxb3 44. d6 Rd3 45. Kg2 Bd4 46. Bd5+ Kf8 47. Rxf5+ Bf6 48. c6 Rc3 49. c7 Ke8 50. Be6 b3 51. d7+ 1-0

[Event "Centroamericano and Caribe U18"]
[Site "Merida"]
[Date "2018.04.29"]
[Round "4"]
[White "Sandoval Yepez, Joe Samuel"]
[Black "Bastidas Segovia, Samuel Eduardo"]
[Result "1/2-1/2"]
[WhiteElo "1625"]
[BlackElo "1803"]
[PlyCount "76"]
[EventDate "2018.04.28"]
[EventType "swiss"]
[EventRounds "9"]
[EventCountry "VEN"]
[SourceTitle "EXT 2021"]
[Source "ChessBase"]
[SourceDate "2020.10.23"]
[SourceVersion "1"]
[SourceVersionDate "2020.10.23"]
[SourceQuality "1"]

1. Nf3 Nf6 2. b3 g6 3. Bb2 Bg7 4. e3 d5 5. Be2 0-0 6. 0-0 b6 7. c4 e6 8. Nc3 Bb7 9. d3 c5 10. d4 Nbd7 11. cxd5 Nxd5 12. Nxd5 exd5 13. Qd2 Nf6 14. Bd3 Rc8 15. Rac1 Ne4 16. Qe2 Nd6 17. Rfd1 Qe7 18. Ba3 Ne4 19. Nd2 Rfd8 20. Nxe4 dxe4 21. Bc4 Qg5 22. dxc5 bxc5 23. Rxd8+ Rxd8 24. Bxc5 h5 25. b4 Bc8 26. Rd1 Rxd1+ 27. Qxd1 Bh3 28. g3 h4 29. Bf1 Bg4 30. Be2 Bh3 31. Qd6 hxg3 32. hxg3 Be6 33. Bf1 Be5 34. Qe7 Qg4 35. Qd8+ Kg7 36. Bf8+ Kh7 37. Qh4+ Qxh4 38. gxh4 Bxa2 1/2-1/2

[Event "Centroamericano and Caribe U18"]
[Site "Merida"]
[Date "2018.04.28"]
[Round "1"]
[White "Bastidas Segovia, Samuel Eduardo"]
[Black "Rodriguez Buroz, Diego Azahel"]
[Result "1-0"]
[WhiteElo "1803"]
[BlackElo "1275"]
[PlyCount "75"]
[EventDate "2018.04.28"]
[EventType "swiss"]
[EventRounds "9"]
[EventCountry "VEN"]
[SourceTitle "EXT 2021"]
[Source "ChessBase"]
[SourceDate "2020.10.23"]
[SourceVersion "1"]
[SourceVersionDate "2020.10.23"]
[SourceQuality "1"]

1. e4 c5 2. Nf3 Nc6 3. d4 cxd4 4. Nxd4 a6 5. Nc3 e6 6. Be2 Qc7 7. 0-0 Nf6 8. Kh1 b5 9. a3 Bb7 10. f4 h5 11. Be3 Ng4 12. Bxg4 hxg4 13. Qxg4 0-0-0 14. Rad1 g6 15. Qe2 f5 16. Rd2 Be7 17. Qf2 Na5 18. Ndxb5 axb5 19. Bb6 Qc6 20. Bxa5 Bc5 21. Qe2 Rdf8 22. b4 Ba7 23. Nxb5 Bb8 24. Rd4 d5 25. exd5 exd5 26. c4 Re8 27. Qd3 Qe6 28. cxd5 Qe2 29. Qxe2 Rxe2 30. Rc1+ Kd7 31. h3 g5 32. fxg5 Rhe8 33. Bc7 Re1+ 34. Rxe1 Rxe1+ 35. Kh2 Bxc7+ 36. Nxc7 Kxc7 37. g6 Re7 38. d6+ 1-0

[Event "VEN-ch U16 3rd"]
[Site "San Antonio"]
[Date "2016.04.03"]
[Round "5.3"]
[White "Bastidas Segovia, Samuel Eduardo"]
[Black "Chacon Mejia, Gabriel Alejandro"]
[Result "1/2-1/2"]
[WhiteElo "1867"]
[BlackElo "1795"]
[PlyCount "66"]
[EventDate "2016.04.01"]
[EventType "swiss"]
[EventRounds "7"]
[EventCountry "VEN"]
[SourceTitle "EXT 2022"]
[Source "ChessBase"]
[SourceDate "2021.10.06"]
[SourceVersion "1"]
[SourceVersionDate "2021.10.06"]
[SourceQuality "1"]

1. e4 c5 2. Nf3 d6 3. d4 cxd4 4. Nxd4 Nf6 5. Nc3 a6 6. Be2 e5 7. Nb3 Be6 8. Be3 Nbd7 9. 0-0 Be7 10. f3 b5 11. a3 0-0 12. Kh1 Nb6 13. Qe1 Nc4 14. Bxc4 Bxc4 15. Rf2 Qc7 16. Rd1 Rab8 17. Nd2 Be6 18. Nf1 b4 19. axb4 Qc4 20. Bc1 Qxb4 21. Ne3 Rfc8 22. Rfd2 Rc6 23. Ned5 Bxd5 24. Nxd5 Nxd5 25. exd5 Rc5 26. c3 Qb3 27. Rd3 Rbb5 28. Qe4 g6 29. g4 Rc4 30. Qe3 Rcc5 31. Qe4 Rc4 32. Qe3 Rcc5 33. Qe4 Rc4 1/2-1/2